Loading...
| Fine Arts - Other | 2 | 10.00 | 100% | 0% | 0% |
| Fine Arts - Painting and Sculpture | 3 | 6.67 | 67% | 0% | 0% |
| Geography | 2 | 10.00 | 100% | 0% | 0% |
| History - American | 3 | 6.67 | 67% | 0% | 0% |
| History - European | 3 | 10.00 | 67% | 0% | 33% |
| History - Other | 2 | 15.00 | 100% | 0% | 50% |
| History - World | 3 | 10.00 | 100% | 0% | 0% |
| Literature - American | 2 | 15.00 | 100% | 50% | 0% |
| Literature - British | 3 | 10.00 | 100% | 0% | 0% |
| Literature - European | 3 | 10.00 | 100% | 0% | 0% |
| Literature - World | 3 | 6.67 | 67% | 0% | 0% |
| Mythology | 3 | 6.67 | 67% | 0% | 0% |
| Other Academic | 2 | 5.00 | 50% | 0% | 0% |
| Philosophy | 3 | 13.33 | 100% | 33% | 0% |
| Pop Culture | 1 | 10.00 | 100% | 0% | 0% |
| Religion | 4 | 5.00 | 50% | 0% | 0% |
| Science - Biology | 2 | 5.00 | 50% | 0% | 0% |
| Science - Chemistry | 2 | 10.00 | 100% | 0% | 0% |
| Science - Other | 4 | 10.00 | 100% | 0% | 0% |
| Science - Physics | 2 | 10.00 | 100% | 0% | 0% |
| Social Science | 5 | 10.00 | 80% | 20% | 0% |